00847cam 2200289 i 4500001000800000005001700008008004100025035002100066906004500087010001700132020001500149040001800164043001200182050001800194082001500212100001800227245004100245250001200286260003200298300003400330504003000364504002900394500002000423650003300443991005500476099002600531413961019901024105934.9770613s1977 nyua b 001 0 eng  9(DLC) 77022623 a7bcbccorignewd1eocipf19gy-gencatlg a 77022623  a0393021947 aDLCcDLCdDLC an-us---00aML3561.J3bT500a781.5/7/091 aTirro, Frank.00aJazz :ba history /cby Frank Tirro. a1st ed. aNew York :bNorton,cc1977. axix, 457 p. :bill. ;c25 cm. aBibliography: p. 403-426. aDiscography: p. 427-430. aIncludes index. 0aJazzxHistory and criticism. bc-MusichML3561.J3iT5p00016995198tCopy 1wBOOKS atirro-jazz-1071950672